000 00775 a2200193 4500
020 _a3540292233
020 _a9783540292234
082 _a539.2
090 _c925
_d925
100 1 _aMilton, Kimball A.
245 1 0 _aElectromagnetic radiation :
_bvariational methods, waveguides and accelerators :
_bincluding seminal papers of julian schwinger /
_cKimball A. Milton, Julian Schwinger.
260 _a[S.l.] :
_bSpringer,
_c2006.
300 _a607 p. ;
_c24 cm.
490 1 _aParticle acceleration and detection.
700 1 _aSchwinger, Julian.
830 0 _aParticle acceleration and detection.
942 _aSNS
_cBK
_k539.2 MIL
999 _c29546
_d29546